Ed Ero Contentissimo - Tiziano Ferro - Testo Completo - Statistics

Statistiche generali
  • Questo quiz è stato fatto 156 volte
  • Il punteggio medio è 268 su 390
Statistiche sulle risposte
Risposta % Corretto
e
98%
è
98%
E
98%
a
95%
Con
95%
ero
93%
contentissimo
92%
Ed
91%
ed
91%
te
90%
Ma
87%
ma
87%
non
87%
la
86%
quando
86%
Quando
86%
che
85%
Che
85%
di
85%
ti
85%
io
83%
o
83%
po'
83%
un
83%
Amsterdam
82%
il
82%
in
82%
In
82%
una
80%
le
79%
tu,
77%
mai
76%
guardando
75%
importava
75%
mi
75%
Solo
74%
del
72%
mano
71%
poi
71%
pioggia
70%
cadeva
69%
Stringimi
69%
ci
68%
Ci
68%
della
68%
fondo
68%
sotto
68%
ancora,
67%
ancora
67%
Ancora
67%
eri
67%
l'ho
67%
aspettavo
66%
casa
66%
detto
66%
era
66%
partiamo
66%
tra
66%
candela
64%
contentissima
64%
ricordo
64%
ritardo
64%
più
62%
più,
62%
Dio
61%
Ora
61%
ora
61%
fa
60%
suggeriva
60%
sola,
57%
c'è
55%
C’è
55%
da
55%
hai
55%
lenzuola
55%
sarai
55%
sei
55%
bellissima
54%
dimmi
54%
Dimmi
54%
prima
54%
va
54%
come
53%
dirò
53%
sono
53%
tutto
53%
chiedevo
52%
ho
52%
lavoro
52%
tempo
52%
ami
51%
bene
51%
gli
51%
male
51%
mio
51%
perché
49%
Perché
49%
comunque
48%
tardi
48%
dopo,
47%
farai?
47%
amore
46%
inventerai?
46%
Inventerai
46%
quali
46%
tutte
46%
caso,
45%
peso
45%
scuse
45%
spento
45%
starai
45%
al
44%
chiuderai
44%
porte
44%
scusa,
44%
troppo
44%
invece
43%
verrà
41%
forte
40%
Presto
40%
trovare
39%
troverai
39%
cosa
38%
tanto
38%
freddo
37%
accanto
36%
amici
36%
caldo
36%
cielo
36%
gioia
36%
vita
36%
vero
34%
vola
34%
questa
33%
torna
33%
sempre
32%
copro
31%
donasse
31%
guardare
30%
qualcosa
30%
Ridendo,
30%
ciò
29%
resterò
29%
chiesto
28%
consola
28%
Qualche
28%
sorridi
28%
urlavo
28%
crederai
26%
forse
26%
meglio
26%
dentro
21%
convincendoti
20%
ormai
16%
Nessun quiz corrispondente trovato
Distribuzione punteggi
Percentuale di utenti per punteggio
Percentile per numero di risposta
I tuoi punteggi nel tempo
Non hai fatto questo quiz